ARRUPE JESUIT UNIVERSITY

CORONAVIRUS -STOP THE SPREAD - CLEAN,DISINFECT,COVER

Kenya coast handbook (Record no. 58962)

MARC details
000 -LEADER
fixed length control field 00629nam a2200229Ia 4500
003 - CONTROL NUMBER IDENTIFIER
control field 0100
005 - DATE AND TIME OF LATEST TRANSACTION
control field 20170526075624.0
008 - FIXED-LENGTH DATA ELEMENTS--GENERAL INFORMATION
fixed length control field 130303s9999 xx 000 0 und d
020 ## - INTERNATIONAL STANDARD BOOK NUMBER
International Standard Book Number 3825839370
040 ## - CATALOGING SOURCE
Transcribing agency ARRUPELIB
050 ## - LIBRARY OF CONGRESS CALL NUMBER
Classification number DT434.C6 2000
300 ## - PHYSICAL DESCRIPTION
Other physical details 25cm.
245 ## - TITLE STATEMENT
Title Kenya coast handbook
245 ## - TITLE STATEMENT
Remainder of title culture, resources and development in the east African littoral
260 ## - PUBLICATION, DISTRIBUTION, ETC. (IMPRINT)
Name of publisher, distributor, etc LIT Verlag M³nster -
Place of publication, distribution, etc Hamburg - London
Date of publication, distribution, etc 2000
300 ## - PHYSICAL DESCRIPTION
Extent 527p.
440 ## - SERIES STATEMENT/ADDED ENTRY--TITLE
Title African Studies Centre
9 (RLIN) 31067
650 ## - SUBJECT ADDED ENTRY--TOPICAL TERM
Topical term or geographic name as entry element Kenya
General subdivision Coast Province
9 (RLIN) 31068
700 ## - ADDED ENTRY--PERSONAL NAME
Personal name Hoorweg, Jan; Foeken, Dick; Obudho, R. A. eds.
9 (RLIN) 31069
942 ## - ADDED ENTRY ELEMENTS (KOHA)
Source of classification or shelving scheme Library of Congress Classification
Koha issues (borrowed), all copies 1
Koha item type Monograph ( Printed materials)
Holdings
Withdrawn status Lost status Source of classification or shelving scheme Damaged status Not for loan Collection code Home library Current library Shelving location Date acquired Total Checkouts Full call number Barcode Date last seen Date checked out Copy number Price effective from Koha item type
    Library of Congress Classification     Main Collection ARRUPE LIBRARY ARRUPE LIBRARY   05/03/2013 1 DT434.C6 2000 46003091264 07/12/2017 24/09/2013 1 05/03/2013 Monograph ( Printed materials)

 

Arrupe Library. PO Box MP320 Mt Pleasant, Harare, Zimbabwe
263 242 745411|librarian@aju.ac.zw